• 首页
  • 本馆介绍
  • 公告通知
  • 最新文献
  • 馆藏检索
  • 电子资源
  • 读者导购
  • 参考咨询
  • 我的图书馆
  • 登录
  • 详细信息显示
  • 放入我的书架
  • 预约/预借图书
  • 作者相关作品
  • 分类相关作品
  • 丛书相关作品
  • 出版社相关作品

书目信息

  • 表格格式
  • 工作单格式
  • 卡片格式
题名:
蓝星文化
    
 
作者: 韩显丰 著
分册:  
出版信息: 香港   时代教育出版社  2019.04
页数: 302页, [8] 页图版
开本: 23cm
丛书名:
单 册:
中图分类: B-53
科图分类:
主题词: 哲学--zhe xue--文集
电子资源:
ISBN: 978-988-18599-5-2
000 01006nam0 2200253 450
001 CAL 0120192721720
005 20230303115736.98
010    @a978-988-18599-5-2@dCNY68.00
100    @a20200825d2019 em y0chiy0120 ea
101 0  @achi
102    @aCN@b810000
105    @aacf z 000yy
106    @ar
200 1  @a蓝星文化@Alan xing wen hua@e国学实证 信仰重建@f韩显丰著
210    @a香港@c时代教育出版社@d2019.04
215    @a302页, [8] 页图版@c图, 肖像@d23cm
314    @a韩显丰, 哲学博士, 汉族, 哲学家、人类脑科学家。
330    @a本书主要内容包括: 关于马克思主义哲学基本问题新思考、地球文明正在向星际文明过渡、关于人类脑科学研究成果、呈报中央政府报告、佛学实证促进化 大爱辉煌照乾坤、“生命光体”证道的好处 (第一部分) 、“生命光体”证道的好处 (第二部分) 等。
517 1  @a国学实证 信仰重建@Aguo xue shi zheng xin yang zhong jian
606 0  @a哲学@Azhe xue@j文集
690    @aB-53@v5
701  0 @a韩显丰@Ahan xian feng@4著
801  0 @aCN@bBJXHZP@c20230228
905    @b1386609-12@dB-53@e110@f4
    
    蓝星文化:国学实证 信仰重建/韩显丰著.-香港:时代教育出版社,2019.04
    302页, [8] 页图版:图, 肖像;23cm
    
    
    ISBN 978-988-18599-5-2:CNY68.00
    本书主要内容包括: 关于马克思主义哲学基本问题新思考、地球文明正在向星际文明过渡、关于人类脑科学研究成果、呈报中央政府报告、佛学实证促进化 大爱辉煌照乾坤、“生命光体”证道的好处 (第一部分) 、“生命光体”证道的好处 (第二部分) 等。
●
相关链接 在E读中查询图书 在五车中查询图书 在当当中查询图书 在豆瓣中查询图书


正题名:蓝星文化     索取号:B-53/110         预约/预借

序号 登录号 条形码 馆藏地/架位号 状态 备注
1 1386609   213866093   第一样本阅览室/ [索取号:B-53/110] 在馆    
2 1386610   213866100   第一借阅区/ [索取号:B-53/110] 在馆    
3 1386611   213866119   第一借阅区/ [索取号:B-53/110] 在馆    
4 1386612   213866128   第一借阅区/ [索取号:B-53/110] 在馆    
唐山师范学院图书馆 欢迎您!
大连网信软件有限公司© 版权所有